000 02930nam a22002417a 4500
005 20240604123851.0
008 240604k19341939sz a|||f |||| 00| 0 mul d
040 _cSandra Yazo
_dSandra Yazo
082 0 4 _220
_a059
092 _aE53N067
110 2 _aHumanistika Vetenskapssamfundet.
_bI Uppsala
_9181116
242 0 0 _aEscritos varios de la Real Sociedad de Letras Humanas de Upsala.
_bTomo 29 [-33]
_yspa
245 1 0 _aSkrifter utgina av Kungl. Humanistika Vetenskapssamfundet. I Uppsala.
_bBand 29 [-33]
260 _aUpsala (Suecia)
_bAlmqvist & Wiksells Boktryckeri A. B. [Imprenta de Almqvist & Wiksells Boktryckeri A. B.]
_c1934-1939
300 _a5 volúmenes (28 ; 190, [1] ; 64 ; 66 ; xxiv, 91 ; 40 ; 48 – vi, 309 ; 210 ; 229 -- 231 ; xx, 173 – 384 ; 139 – xv, 592 páginas)
_c24 x 15 cm
500 _aEncuadernación rústica en cartulina. Lomo y tapas impresos con datos de la obra. Anteportada. Portada impresa en una sola tinta; grabado con emblema de la Entidad editora (Real Sociedad de Letras Humanas de Upsala). Texto impreso en una sola columna, con diferentes tipos y tamaños de letras sobre papel satinado. Notas de pie de página. Ilustraciones y grabados. Fotografías. Los 5 volúmenes sin refilar, tapas sucias y bordes deteriorados, algunos rayones menores. V.31, plegable con mapa. V.33, incluye bibliografía. V.29: Tapa delantera empieza a desgarrarse. V.30: primeras hojas, pegadas a tapa delantera. V.32: deterioro en parte inferior de últimas hojas por golpe.
505 2 _aV.29: Retratos y colección fotográfica de la Universidad de Upsala / August Hahr ; El hallazgo de Monedas en Viminacium (hoy Kostolac, Serbia) ; Un Estudio provisional / Erik Gren ; Los viajes de Apolonio de Tiana a la India / Jarl Charpenter ; Transcripción del Códice de astronomía de Olof Luth ; La palatización de K, G, CH en las lenguas eslavas / R. Ekblom ; Las oraciones nominales en Jenofonte / Por Erik Ekman -- V.30: El infinitivo narrativo en las lenguas romances ; Estudio de sintaxis histórica / Alf Lombard ; Contenido y entensión de los conceptos ; Aporte para una teoría de los conceptos / Por Komrad Marc-Wogau ; Federico el Grande y la posteridad ; Estudio historiográfico / Por Hugo Valentin -- V.31: Estudios sobre el gaélico del Condado de Argyll / Nils Holmer ; Laponia ; Un nómada y su vida / H. Grundström ; Diccionario lapón-sueco-alemán para el libro de Anta Pirak Un nómada y su vida / H. Grundström -- V.32: Estaba enseñando [En didáskon] ; La construcción perifrástica en griego / Gudmund Björck -- V.33: El ImperioAustro-húngaro y la crisis de Bosnia (1908-1909) / Georg Wittrock
506 _aConsulta en sala
546 _aTexto en varios idiomas: Sueco, alemán, francés, inglés, latín y lapón
650 7 _98005
_aPublicaciones periódicas
650 7 _917072
_aHumanidades
942 _2LOCAL
_cLIBRO
_e1
_hE53N067
999 _c324284
_d324284